Statistiken für Stadtteile von St. Pölten

Klicken Sie hier um das Quiz zu spielen!

Allgemein

  • Dieses Quiz wurde 55 mal gespielt
  • Das Durchschnittsergebnis liegt bei 7 aus 11

Antworten auf der Karte

Die Antworten werden auf der Karte rot bzw. grün angezeigt, abhängig davon wie oft sie richtig erraten wurden.
 

Antwortstatistiken

EinwohnerStadtteil% Korrekt
2.493Pottenbrunn
78%
6.540Spratzern
78%
3.458St. Georgen am Steinfelde
78%
1.223Radlberg
67%
1.514Ratzersdorf
67%
6.433Wagram
67%
1.796Harland
56%
22.414St. Pölten
56%
5.421Viehofen
56%
1.973Stattersdorf
44%
354Ochsenburg
33%

Verteilung der Resultate

Perzentil nach korrekt beantworteten Fragen

Anzahl Personen mit jedem Resultat

Ihre Resultats-Entwicklung

Sie haben dieses Quiz noch nicht gespielt